Principios de fisicoquímica.

Bibliographic Details
Main Author: Levine, Ira N.
Format: Section = Libro
Language:Undetermined
Spanish
Published: México McGraw-Hill 2014
Edition:6a.ed
Subjects:
LEADER 00576nam a2200229Ia 4500
008 240830s9999 xx 000 0 und d
020 |a 978-607-15-0988-8 
040 |a CEDOC FIQ-RUSB / 539 L665 
041 |a spa 
082 |a 539 L665 
100 1 |a Levine, Ira N. 
245 1 0 |a Principios de fisicoquímica. 
250 |a 6a.ed 
260 |a México  |b McGraw-Hill  |c 2014 
300 |a 671 p. :il 
650 7 |a FISICOQUIMICA 
650 7 |b  TERMODINAMICA 
650 7 |c  EQUILIBRIO QUIMICO 
650 7 |d  CINETICA DE REACCIONES 
942 |c BK  |2 ddc 
991 |a TEXTO 
999 |c 13417